| 000 | 00476nam a2200157 a 4500 | ||
|---|---|---|---|
| 001 | 000024074 | ||
| 005 | 20200930022709.0 | ||
| 008 | 110118s1967 enk r 000 0 eng d | ||
| 040 |
_aDO-SdBNP _bspa _cBNPHU |
||
| 082 |
_axxxxxx _bM466g |
||
| 100 | 1 |
_aMay, D. J. _949463 |
|
| 245 | 1 | 0 |
_aGuide to advanced and literary comprehension and appreciation pieces / _cD. J. May. |
| 260 |
_aLondres : _bOxford uniersity Press, _c1967. |
||
| 300 |
_av, 102 p. ; _c18.5 cm. |
||
| 049 | _aBNGR | ||
| 999 |
_c23569 _d23569 |
||